| 000 | 00797 a2200169 4500 | ||
|---|---|---|---|
| 003 | Nust | ||
| 005 | 20221006142348.0 | ||
| 020 | _a817224178x | ||
| 040 | _cNust | ||
| 082 | _a005.43,HAR | ||
| 100 |
_aHarris ,Steve _999320 |
||
| 245 |
_aWindows Trouble Shooting Guide / _cSteve Harris, Sue Nugus |
||
| 260 |
_aDelhi _bJaico Pub House _c1994 |
||
| 300 | _a251 p.: | ||
| 505 | _aWhat Is Windows (Page-1), Hardware Requirements (Page-13), Trouble Free Installation Procedures (Page-34), Windows And Non Standard Hardware (Page-55), Running Non Windows Applications (Page-97), Troubleshooting Common User Problems (Page-127), Troubleshooting Components Faults (Page-146),Optimizing Windows (Page-175), Windows And Networks (Page-203), Migrating To Windows (Page-211). | ||
| 942 |
_2ddc _cBK _k005.43,HAR |
||
| 999 |
_c180593 _d180593 |
||